000 01045nam a22003617a 4500
001 0009100
003 KOHA_MİRAKIL
005 20260207001658.0
007 ta
008 091120b2008 tu |||gr||||#0|||1|tur |
020 _a9789759951399
040 _aTR-BiSEU
_btur
_cTR-BiSEU
_erda
041 0 _atur
044 _ctu
050 _aPL245.K88
_bH89 2008
100 1 _aKutlu, Mustafa.
245 1 _aHuzursuz bacak/
_cMustafa Kutlu ; Mustafa Kutlu.
250 _a2. bs.
264 1 _aİstanbul :
_bDergah Yayınları
_c2008
300 _a163 sayfa
336 _ametin
_btxt
_2rdacontent
337 _aaracısız
_bn
_2rdamedia
338 _acilt
_bnc
_2rdacarrier
490 1 _aDergah Yayınları : 399.
490 1 _aTürk Edebiyatı-Hikaye : 38.
490 1 _aMusta Kutlu Serisi ;
_v25.
650 0 _aTürk edebiyatı--hikaye.
_917733
830 1 _aDergah Yayınları : 399.
_922670
830 1 _aTürk Edebiyatı-Hikaye : 38.
_922671
830 1 _aMusta Kutlu Serisi ;
_v25.
_922672
907 _aHikaye
942 _2lcc
_cBK
999 _c9072
_d9072